00749 2200337 4500001002100000005001500021035002500036006001800061008004100079020001800120041000700138082000800145090001400153100002100167245002200188260004500210300001900255084001400274990000900288990001400297990000900311990000900320990000900329990001400338990000900352990000900361990001400370990000900384990000900393990000900402INLIS00000000000214720230720014758 a0010-031300000002147a ||| |230720 |  a979-3858-35-4 aid a920 a920 SHO r0 aMohammad Shoelhi1 aRAHASIA PAK HARTO aJakarta :bGrafindo Media Pratama,c2008 a133 hal, 19 cm a920 SHO r a1987 a1988/H/09 a2976 a2977 a1987 a1988/H/09 a2976 a2977 a1988/H/09 a1987 a2976 a2977